| 000 | 00453 a2200133 4500 | ||
|---|---|---|---|
| 001 | ART_15051 | ||
| 005 | 20260410161615.0 | ||
| 008 | 260409a | ||
| 245 | 1 | 0 | _aPor qué la sustentabiilidad es hoy el impulsor clave de la innovación |
| 100 | 1 | _aPrahalad, C. K. | |
| 700 | 1 | _aNidumolu, Ram | |
| 700 | 1 | _aRangaswami, M. R. | |
| 773 | 0 |
_tHarvard Business Review _gLa formación de los ejecutivos - Vol. 88, Nº 7 (ago. 2010) _wREV340 |
|
| 999 |
_c10988 _d10988 |
||